US Southwest & Pacific West Practice Quiz - Statistics

General Stats
  • This quiz has been taken 8,331 times
  • The average score is 8 of 9
Answers on the Map
Answers color-coded by a green-red scale on the quiz's map according to % correct below.
 
Answer Stats
Answer % Correct
Alaska
94%
Hawaii
90%
California
88%
Washington
88%
Texas
85%
Oklahoma
84%
Oregon
83%
New Mexico
80%
Arizona
75%
No matching quizzes found
Score Distribution
Percent of People with Each Score
Percentile by Number Answered
Your Score History
You have not taken this quiz